00458 2200193 4500001002100000005001500021008004100036020002200077035001900099041000600118082000800124090001400132100001300146245001800159260004600177300002500223500000600248650001000254INLIS00000000000419820241224112851241224||||||||| | ||| |||| ||  a978-979-22-6325-1 0010-1224004198 a00 a813 a813 FUA r0 aA. Fuadi00aRanah 3 Warna aJakartabPT. Gramedia Pustaka Utamac2012 axiv, 474 hlm.; 20 cm a5 0aNovel